3 plus grandes gares par région - Statistiques

Statistiques générales
  • Ce quiz a été pris 157 fois
  • Le résultat moyen est 26 sur 36
Statistiques - réponses
Hint % Correct
Auvergne-Rhône-Alpes 36.6 M Part-Dieu Lyon
98%
Ile-de-France 211.7 M Nord Paris
92%
Ile-de-France 102.9. M Saint-Lazare Paris
92%
Ile-de-France 102 M Lyon Paris
92%
Auvergne-Rhône-Alpes 7.1 M Perrache Lyon
90%
Bourgogne-Franche-Comté 7,1 M Ville Dijon
85%
Hauts-de-France 21.9 M Flandres Lille
83%
Auvergne-Rhône-Alpes 8 M Grenoble
82%
Provence-Alpes-Côte d'Azur 16.9 M Saint-Charles Marseille
82%
Bretagne 13.9 M Rennes
82%
Grand Est 21.4 M Ville Strasbourg
82%
Occitanie 12.9 M Matabiau Toulouse
81%
Normandie 7 M Rive droite Rouen
80%
Nouvelle-Aquitaine 21.3 M Saint-Jean Bordeaux
79%
Bretagne 2.4 M Brest
79%
Provence-Alpes-Côte d'Azur 9.4 M Ville Nice
79%
Normandie 3.8 M Caen
76%
Occitanie 7.6 M Saint-Roch Montpellier
76%
Grand Est 8.3 M Ville Metz
75%
Pays de la Loire 15.5 M Nantes
74%
Bourgogne-Franche-Comté 2.6 M Viotte Besançon
73%
Hauts-de-France 6 M Europe Lille
73%
Grand Est 8.3 M Ville Nancy
73%
Provence-Alpes-Côte d'Azur 4.4 M Toulon
71%
Centre-Val-de-Loire 6.2 M Tours
68%
Pays de la Loire 6.3 M Saint-Laud Angers
67%
Bretagne 2 M Vannes
66%
Pays de la Loire 5 M Le Mans
60%
Hauts-de-France 6 M Amiens
58%
Centre-Val-de-Loire 4.4 M Orléans
56%
Nouvelle-Aquitaine 3.5 M Poitiers
56%
Nouvelle-Aquitaine 2.7 M Ville La Rochelle
54%
Occitanie 4.3 M Nîmes
53%
Centre-Val-de-Loire 3.8 M Saint-Pierre-des-Corps
31%
Bourgogne-Franche-Comté 1.6 M Chalon-sur-Saône
21%
Normandie 2 M Vernon Giverny
19%
Aucun quiz correspondant
Distribution des résultats
% des personnes avec chaque résultat
Percentile par nombre de réponses
Votre historique - résultats
Vous n’avez pas pris ce quiz